Persidangan Perwakilan tahunan ke 17 2004 (Record no. 88987)

MARC details
000 -LEADER
fixed length control field 00655nam a2200217 i 4500
001 - CONTROL NUMBER
control field C2-0282770
003 - CONTROL NUMBER IDENTIFIER
control field PPAK
005 - DATE AND TIME OF LATEST TRANSACTION
control field 20180728013038.0
008 - FIXED-LENGTH DATA ELEMENTS--GENERAL INFORMATION
fixed length control field 071023s2004 my a|||| ||||| | may d
040 ## - CATALOGING SOURCE
Original cataloging agency PPAK
Language of cataloging eng
Transcribing agency PPAK
Description conventions rda
082 04 - DEWEY DECIMAL CLASSIFICATION NUMBER
Classification number 331.252
Edition number 23
090 00 - LOCALLY ASSIGNED LC-TYPE CALL NUMBER (OCLC); LOCAL CALL NUMBER (RLIN)
Classification number (OCLC) (R) ; Classification number, CALL (RLIN) (NR) 331.252
Feature heading PER
Feature heading KHR
245 00 - TITLE STATEMENT
Title Persidangan Perwakilan tahunan ke 17 2004
Remainder of title Persatuan Pesara Kerajaan Malaysia
264 #1 - PRODUCTION, PUBLICATION, DISTRIBUTION, MANUFACTURE, AND COPYRIGHT NOTICE
Place of production, publication, distribution, manufacture Kedah :
Name of producer, publisher, distributor, manufacturer Persatuan Pesara Kerajaan Malaysia ,
Date of production, publication, distribution, manufacture, or copyright notice 2004
300 ## - PHYSICAL DESCRIPTION
Extent 50 pages :
Other physical details illustrations ;
Dimensions 30 cm
336 ## - CONTENT TYPE
Source rdacontent
Content type term text
337 ## - MEDIA TYPE
Source rdamedia
Media type term unmediated
338 ## - CARRIER TYPE
Source rdacarrier
Carrier type term volume
650 10 - SUBJECT ADDED ENTRY--TOPICAL TERM
Topical term or geographic name entry element Pensions-Malaysia
942 ## - ADDED ENTRY ELEMENTS (KOHA)
-- dc
Koha item type Book
Holdings
Withdrawn Not for loan Current library Shelving location Date acquired Full call number Barcode Date last seen Koha item type
  Not For Loan Perpustakaan Alor Setar Koleksi Halim R 23/10/2007 KHR 331.252 PER A00501062 09/05/2018 Book
  Not For Loan Perpustakaan Alor Setar Koleksi Halim R 29/10/2007 KHR 331.252 PER A00501054 09/05/2018 Book